| 000 | 00497nam a22001457a 4500 | ||
|---|---|---|---|
| 082 | _a004 | ||
| 100 | _aHassan, Shoaib | ||
| 245 |
_aPurification of Requirement Engineering Model for Rapid Application Development / _cShoaib Hassan. |
||
| 260 |
_aIslamabad: _bCEME - NUST, _c2015. |
||
| 300 |
_a86 p. : _bill. ; _c30cm. |
||
| 650 |
_aComputer Software Engineering MS-Thesis. _916105 |
||
| 700 |
_aDr. Usman Qamar _918579 |
||
| 942 |
_2ddc _cTHE |
||
| 999 |
_c540616 _d540616 |
||